00497nam a2200181Ia 4500999001500000003000400015005001700019008004100036020001500077040000900092082001900101100002200120245004600142260005300188300000900241650002100250942004400271 c8662d8662OSt20201012113100.0190216s9999||||xx |||||||||||||| ||und|| a8175151056 coclc a005.369bBRU/E aBruck, Bill95578 0aThe Essential Office97 Book /cBill Bruck bGalgotia Publication Pvt Ltf,c1999.aNew Delhi: a574p aComputer Science cBK2ddch005.369iBRU/Ek005.369mBRU/E